000 00946nam a2200217Ia 4500
003 Ost
005 20260507075533.0
008 260507s9999||||xx |||||||||||||| ||und||
020 _a9773500462
040 _cfsecg
041 _aara
082 _a330
100 _aالفقى، رفعت جمال الدين
_eمؤلف
245 0 _aعلم الاقتصاد :
_bالأسس و المبادئ /
_c رفعت جمال الدين الفقى
260 _aالقاهرة:
_bدار الكتاب الحديث,
_c2008
300 _a273 صفحة؛
_c24 سم
520 _aيضم طبيعة الإقتصاد وأقسامه، القوانين الإقتصادية، المبادئ الأساسية للتحليل الإقتصادي، عناصر المشكلة الإقتصادية، الإنتاج وتكاليف الإنتاج ورأس المال
653 _aالإقتصاد-علم
653 _aالنظم الإقتصادية
942 _cكتاب
999 _c44831
_d44831